000 01088nam a22002537i 4500
001 IT\ICCU\UBO\2573383
003 ItRI
005 20260306105548.0
008 041028s2004 it |||||| ||||| |||||c
020 _a8884514088
040 _bita
_cNP
041 7 _aita
_2ISO-639-2
082 _a853.914
_220
100 1 _aGarlaschelli, Barbara,
_d (1965-
_0IT\ICCU\MILV\106334
_4aut
240 1 0 _aSirena
_9Garlaschelli, Barbara <1965- ; scrittrice >
245 1 0 _aSirena :
_b(mezzo pesante in movimento) : romanzo /
_cBarbara Garlaschelli.
260 _aMilano :
_bSalani,
_c[2004]
300 _a133 p. ;
_c21 cm.
520 _aSedici anni; il mare, un tuffo: lesione alla quinta vertebra cervicale. Dopo vent'anni, una scrittrice racconta i dieci mesi che le hanno cambiato la vita. Dieci mesi trascorsi in ospedale, tra paura e speranza, coraggio e sofferenza. Un libro sull'handicap e il dolore, ma anche sull'amore, l'amicizia e la solidarietà.
650 7 _aGarlaschelli, Barbara
_xDiari e memorie
_2scbi
942 _2ddc
_cBK
_n0
981 1 _6z01
_ai
_bxxxe
982 1 _6z01
_an
999 _c28835
_d28835